000 01033nam a2200265 i 4500
001 bg
245 0 0 _aZarządzanie zakładem gospodarki komunalnej :
_bI ogólnopolskie seminarium szkoleniowe, Piła 5-6 kwietnia 2001 /
_cdobór materiałów Grażyna Bartkowiak, Agata Dutka ; "Abrys" Grupa Konsultingowo Projektowa.
260 _aPoznań :
_b"Abrys",
_c2001.
300 _a87 s. :
_bil. ;
_c30 cm.
490 1 _a"Abrys" dla Środowiska : materiały konferencyjne
650 9 _aPrzedsiębiorstwo komunalne
_xorganizacja
655 _aMateriały konferencyjne
700 1 _aBARTKOWIAK, Grażyna.
_eAut. wyboru
700 1 _aDUTKA, Agata.
_eAut. wyboru
710 0 _aGrupa Konsultingowo-Projektowa "Abrys"
830 0 _a"Abrys" dla Środowiska
020 _a8387382787
040 _cBPK
041 0 _apl
080 _a658.1/.5::351(1-2)](061)
920 _a83-87382-78-7
942 _cKS
008 s pl f |000 0 pol
999 _c41495
_d41495
856 _uhttp://koha.tu.koszalin.pl/cgi-bin/koha/opac-detail.pl?biblionumber=41495
_yKatalog online BPK